000 00555nam a2200181 a 4500
005 20140310183201.0
008 021217s19uu xx 00 eng d
020 _a0702026417
050 _aHQ 755.7
_b.Ed37 2002
245 _aEducation and support for parenting :
_ba guide for health professionals /
_cMary L. Nolan.
260 _aNew York :
_bBailliere tindall,
_c2002.
300 _a219 p. :
_bill. ;
_c24 cm.
521 _aEDU
650 _aParenting
_xstudy & teaching
650 _aParents
_xservices for
942 _cBK
_2lcc
_kFOR
999 _c19873
_d19873